Anthropology : contemporary perspectives

Αποθηκεύτηκε σε:
Λεπτομέρειες βιβλιογραφικής εγγραφής
Άλλοι συγγραφείς: Whitten, Phillip (Επιμελητής έκδοσης), Hunter, David E. (Επιμελητής έκδοσης)
Μορφή: Βιβλίο
Γλώσσα:English
Δημοσίευση: New York : HarperCollins College , c1993
Έκδοση:7th ed.
Θέματα:
Ετικέτες: Προσθήκη ετικέτας
Δεν υπάρχουν, Καταχωρήστε ετικέτα πρώτοι!

MARC

LEADER 00000cam a2200000 i 4500
001 1/6454
008 960705s1993 eng d
020 |a 0-673-52266-0 
035 |l 10016358 
040 |a GR-MY-UA  |b gre  |e aacr 
041 0 |a eng 
082 0 |a 306 
245 1 0 |a Anthropology :  |b contemporary perspectives /  |c edited by Phillip Whitten, David E.K. Hunter 
250 |a 7th ed. 
260 |a New York :   |b HarperCollins College ,   |c c1993 
300 |a xix, 325 σ.;  |b εικ., χάρτες;  |c 28 εκ. 
504 |a Περιέχει βιβλιογραφικές παραπομπές 
650 0 0 |a Anthropology. 
700 1 |a Whitten, Phillip.  |4 edt 
700 1 |a Hunter, David E.  |4 edt 
852 |a INST  |b LESVOS  |e 19960705  |h 306 ANT  |p 005100009655  |q 005100009655  |t BK  |y 0 
909 |a Λ  |b 033873